Antología por la Memoria /
Esta antología fue creada con una iniciativa: reunir. Reunir a distintxs autorxs con diferentes estilos y voces, pero, bajo una misma idea: la de mantener viva la memoria. RE-unir, rearmar el rompecabezas de la memoria en sus múltiples matices, teñido de una infinidad de experiencias. Así, esta anto...
Guardado en:
| Autor Principal: | |
|---|---|
| Otros Autores: | , , , , , , , , , , , , , , , , , , , , , , , , , , , , , , , , , , , , |
| Formato: | Libro |
| Idioma: | Undetermined |
| Publicado: |
Santa Rosa :
Trafkintu,
2024.
|
| Materias: | |
| Etiquetas: |
Agregar Etiqueta
Sin Etiquetas, Sea el primero en etiquetar este registro!
|
| LEADER | 02898nam a22007215a 4500 | ||
|---|---|---|---|
| 001 | CEM.cems021338 | ||
| 008 | 240805s2024####xx############000#0#und#d | ||
| 005 | 20240805092146.0 | ||
| 245 | 1 | 0 | |a Antología por la Memoria / |c Alicia Partnoy y otros ... ; prólogo de Lucas Nicolás Quiroga, Agustina Heredia y Julieta Rosso. |
| 260 | |a Santa Rosa : |b Trafkintu, |c 2024. | ||
| 300 | |a 84 p. | ||
| 500 | |a Antología gestionada por la Cooperativa Cultural Trafkintu. | ||
| 520 | |a Esta antología fue creada con una iniciativa: reunir. Reunir a distintxs autorxs con diferentes estilos y voces, pero, bajo una misma idea: la de mantener viva la memoria. RE-unir, rearmar el rompecabezas de la memoria en sus múltiples matices, teñido de una infinidad de experiencias. Así, esta antología no pretende ser más que un humilde aporte a la construcción de la memoria colectiva en permanente desarrollo. En un primer momento, entonces, nos preguntamos, ¿Qué es la memoria?¿Qué recordamos? ¿De qué forma? ¿Quiénes recordamos? y dentro de estas preguntas, cabe destacar: ¿Para qué sirve? Acá, la gran pregunta que nos recorre: ¿Para qué sirve la memoria? | ||
| 020 | |a 9786319009699 | ||
| 100 | 1 | |a Partnoy, Alicia. | |
| 700 | 1 | |a Oliver, Mónica. | |
| 700 | 1 | |a Díaz, Marcelo Daniel. | |
| 700 | 1 | |a Ferrari, Enrique Juan. | |
| 700 | 1 | |a Millán, Clara. | |
| 700 | 1 | |a Romano, Alejandra. | |
| 700 | 1 | |a Borelli, Verónica. | |
| 700 | 1 | |a Rosso, Julieta. | |
| 700 | 1 | |a Moyano, Teresita. | |
| 700 | 1 | |a Obreque, Ailén. | |
| 700 | 1 | |a Barrios, Agustín. | |
| 700 | 1 | |a Heredia, Agustina. | |
| 700 | 1 | |a López, Lourdes. | |
| 700 | 1 | |a García Miqueo, Mariano. | |
| 700 | 1 | |a Estevez, Rocío. | |
| 700 | 1 | |a Pérez, Julita. | |
| 700 | 1 | |a Badaracco, Siro. | |
| 700 | 1 | |a Caligiuri, Camila. | |
| 700 | 1 | |a Lalaurette, Sebastián. | |
| 700 | 1 | |a Schmidt, Katia. | |
| 700 | 1 | |a Lucero, Julieta. | |
| 700 | 1 | |a Pan Corcoll, Bárbara. | |
| 700 | 1 | |a Scerra, Diego Nicolás. | |
| 700 | 1 | |a Buss Kopp, Maximiliano. | |
| 700 | 1 | |a Cousseau, Cristian. | |
| 700 | 1 | |a Lazos, Joel. | |
| 700 | 1 | |a Pereyra, Olga. | |
| 700 | 1 | |a Crocetti, Valeria Andrea. | |
| 700 | 1 | |a Leivar, María Teresa. | |
| 700 | 1 | |a Sotelo, Livia. | |
| 700 | 1 | |a Ventini, Uziel. | |
| 700 | 1 | |a García, Adriel L. | |
| 700 | 1 | |a Ponce, Bastián Assad. | |
| 700 | 1 | |a Álvarez, Eduardo Carlos. | |
| 700 | 1 | |a Ron, Elías. | |
| 700 | 1 | |a Ron, Elías. | |
| 700 | 1 | |a Ron, Elías. | |
| 700 | 1 | |a Quiroga, Lucas Nicolás; prol. | |
| 700 | 1 | |a Heredia, Agustina; prol. | |
| 700 | 1 | |a Rosso, Julieta; prol. | |
| 653 | |a Derechos Humanos | ||
| 653 | |a Memoria | ||
| 653 | |a Dictadura Militar | ||
| 653 | |a Dictadura Militar | ||
| 653 | |a Literatura | ||
| 653 | |a Literatura Argentina | ||
| 653 | |a Poesía Argentina | ||
| 653 | |a Relatos | ||
| 859 | |a CEMS |b BIB. CEMS - 11 de abril |h 364.15 |i P258-3 |p 29507.24 |t Ej.1 | ||
